| 000 | 00557nam a22001697a 4500 | ||
|---|---|---|---|
| 005 | 20140805114611.0 | ||
| 010 | _aENG-109959 | ||
| 020 |
_a9789351431435 _c195.00 |
||
| 035 | _aEN-93492 | ||
| 037 | _bDBAD/PUB | ||
| 100 | _aSwapna Sundar | ||
| 245 |
_aIP smart workbook : _cby Swapna Sundar ; foreworded by V. Ramasubramanian _bthe lab to market guide to inventing / |
||
| 260 |
_aGurgaon _bLexis Nexis _c2014 |
||
| 270 |
_a14th Floor, Bldg No.10, Tower-B, DLF Cyber City, Phase-II _bGurgaon _e122002 |
||
| 300 |
_axv,160p. _c24cm(pbk) |
||
| 942 |
_2ddc _cEN _mSWA |
||
| 999 |
_c84387 _d84387 |
||